Essays on the rise and decline of bedside medicine / (Record no. 882)

000 -LEADER
fixed length control field 01075nam a22002897a 4500
001 - CONTROL NUMBER
control field 4338206
003 - CONTROL NUMBER IDENTIFIER
control field OSt
005 - DATE AND TIME OF LATEST TRANSACTION
control field 20210426100153.0
008 - FIXED-LENGTH DATA ELEMENTS--GENERAL INFORMATION
fixed length control field 881114s1989 paua b 000 0 eng
010 ## - LIBRARY OF CONGRESS CONTROL NUMBER
LC control number 88201683
020 ## - INTERNATIONAL STANDARD BOOK NUMBER
International Standard Book Number 0812111261
040 ## - CATALOGING SOURCE
Original cataloging agency eng
Transcribing agency DLC
Modifying agency eng
Language of cataloging eng
041 ## - LANGUAGE CODE
Language code of text/sound track or separate title eng
050 00 - LIBRARY OF CONGRESS CALL NUMBER
Classification number R145
Item number .A46 1989
080 ## - UNIVERSAL DECIMAL CLASSIFICATION NUMBER
Universal Decimal Classification number 61 (09)
Item number A-44
100 1# - MAIN ENTRY--PERSONAL NAME
Personal name Altschule, Mark D.
245 10 - TITLE STATEMENT
Title Essays on the rise and decline of bedside medicine /
Statement of responsibility, etc. by Mark D. Altschule ; with a foreword by Stewart G. Wolf, Jr.
Remainder of title / by: Distributed by Lea & Febiger
260 ## - PUBLICATION, DISTRIBUTION, ETC.
Place of publication, distribution, etc. Bangor, PA :
Name of publisher, distributor, etc. Totts Gap Medical Research Laboratories ;
Place of publication, distribution, etc. Philadelphia :
Name of publisher, distributor, etc. Distributed by Lea & Febiger,
Date of publication, distribution, etc. 1989.
300 ## - PHYSICAL DESCRIPTION
Extent x, 458 p. :
Other physical details ill. ;
Dimensions 25 cm.
504 ## - BIBLIOGRAPHY, ETC. NOTE
Bibliography, etc. note Includes bibliographical references (p. [423]-458).
650 #0 - SUBJECT ADDED ENTRY--TOPICAL TERM
Topical term or geographic name entry element Medicine
General subdivision History.
650 #0 - SUBJECT ADDED ENTRY--TOPICAL TERM
Topical term or geographic name entry element History of Medicine
9 (RLIN) 335
653 ## - INDEX TERM--UNCONTROLLED
Uncontrolled term მედიცინის ისტორია
906 ## - LOCAL DATA ELEMENT F, LDF (RLIN)
a 7
b cbc
c orignew
d 3
e ncip
f 19
g y-gencatlg
942 ## - ADDED ENTRY ELEMENTS (KOHA)
Source of classification or shelving scheme
Koha item type Books
Holdings
Withdrawn status Lost status Source of classification or shelving scheme Damaged status Not for loan Permanent location Current location Date acquired Inventory number Total Checkouts Full call number Barcode Date last seen Price effective from Koha item type
          Ken Walker International University Ken Walker International University 12/29/2020 2351   61 (09) A-44 2351 12/29/2020 12/29/2020 Books

Powered by Koha